<?xml version="1.0" encoding="UTF-8"?>
<record
    xmlns:xsi="http://www.w3.org/2001/XMLSchema-instance"
    xsi:schemaLocation="http://www.loc.gov/MARC21/slim http://www.loc.gov/standards/marcxml/schema/MARC21slim.xsd"
    xmlns="http://www.loc.gov/MARC21/slim">

  <leader>014560000a22003370004500</leader>
  <controlfield tag="003">EG-GICUC</controlfield>
  <controlfield tag="005">20250223033003.0</controlfield>
  <controlfield tag="008">070418s2003    ua a   f m    000 0 eng d</controlfield>
  <datafield tag="040" ind1=" " ind2=" ">
    <subfield code="a">EG-GICUC</subfield>
    <subfield code="b">eng</subfield>
    <subfield code="c">EG-GICUC</subfield>
  </datafield>
  <datafield tag="041" ind1="0" ind2=" ">
    <subfield code="a">Eng</subfield>
  </datafield>
  <datafield tag="049" ind1=" " ind2=" ">
    <subfield code="a">Deposite</subfield>
  </datafield>
  <datafield tag="097" ind1=" " ind2=" ">
    <subfield code="a">Ph.D</subfield>
  </datafield>
  <datafield tag="099" ind1=" " ind2=" ">
    <subfield code="a">Cai01.21.03.Ph.D.2003.Mo.E</subfield>
  </datafield>
  <datafield tag="100" ind1="0" ind2=" ">
    <subfield code="a">Mohammad Farouk Ali</subfield>
  </datafield>
  <datafield tag="245" ind1="1" ind2="0">
    <subfield code="a">Electromyographic analysis of the knee extensor muscle during standing up and sitting down on chair in knee osteoarthritis / </subfield>
    <subfield code="c">Mohammad Farouk Ali ; Supervised Nadia Abd El azeem Faiaz , Mohammad Reda Awad , Yehia Nassef Mohammad</subfield>
  </datafield>
  <datafield tag="246" ind1="1" ind2="5">
    <subfield code="a">&#x62A;&#x62D;&#x644;&#x64A;&#x644; &#x627;&#x644;&#x62A;&#x62E;&#x637;&#x64A;&#x637; &#x627;&#x644;&#x643;&#x647;&#x631;&#x628;&#x649; &#x644;&#x639;&#x636;&#x644;&#x629; &#x641;&#x631;&#x62F; &#x627;&#x644;&#x631;&#x643;&#x628;&#x629; &#x627;&#x62B;&#x646;&#x627;&#x621; &#x627;&#x644;&#x648;&#x642;&#x648;&#x641; &#x648;&#x627;&#x62B;&#x646;&#x627;&#x621; &#x627;&#x644;&#x62C;&#x644;&#x648;&#x633; &#x639;&#x644;&#x649; &#x643;&#x631;&#x633;&#x649; &#x641;&#x649; &#x62D;&#x627;&#x644;&#x627;&#x62A; &#x627;&#x644;&#x62A;&#x647;&#x627;&#x628; &#x627;&#x644;&#x631;&#x643;&#x628;&#x629; &#x627;&#x644;&#x639;&#x638;&#x645;&#x649; &#x627;&#x644;&#x645;&#x641;&#x635;&#x644;&#x649;</subfield>
  </datafield>
  <datafield tag="260" ind1=" " ind2=" ">
    <subfield code="a">Cairo : </subfield>
    <subfield code="b">Mohammad Farouk Ali , </subfield>
    <subfield code="c">2003</subfield>
  </datafield>
  <datafield tag="300" ind1=" " ind2=" ">
    <subfield code="a">146P : </subfield>
    <subfield code="b">ill ; </subfield>
    <subfield code="c">30cm</subfield>
  </datafield>
  <datafield tag="502" ind1=" " ind2=" ">
    <subfield code="a">Thesis (PH.D.) - Cairo University - Faculty Of Physical Therapy - Department Of Musculoskeletal Disorders</subfield>
  </datafield>
  <datafield tag="530" ind1=" " ind2=" ">
    <subfield code="a">Issued also as CD</subfield>
  </datafield>
  <datafield tag="653" ind1=" " ind2="4">
    <subfield code="a">EMG</subfield>
  </datafield>
  <datafield tag="653" ind1=" " ind2="4">
    <subfield code="a">Knees osteoarthritis</subfield>
  </datafield>
  <datafield tag="653" ind1=" " ind2="4">
    <subfield code="a">Quadriceps contraction type</subfield>
  </datafield>
  <datafield tag="700" ind1="0" ind2=" ">
    <subfield code="a">Mohammad Reda Awad , </subfield>
    <subfield code="e">Supervisor</subfield>
  </datafield>
  <datafield tag="700" ind1="0" ind2=" ">
    <subfield code="a">Nadia Abd El azeem Faiaz , </subfield>
    <subfield code="e">Supervisor</subfield>
  </datafield>
  <datafield tag="700" ind1="0" ind2=" ">
    <subfield code="a">Yehia Nassef Mohammad , </subfield>
    <subfield code="e">Supervisor</subfield>
  </datafield>
  <datafield tag="856" ind1=" " ind2=" ">
    <subfield code="u">http://172.23.153.220/th.pdf</subfield>
  </datafield>
  <datafield tag="905" ind1=" " ind2=" ">
    <subfield code="a">Enas</subfield>
    <subfield code="e">cataloger</subfield>
  </datafield>
  <datafield tag="905" ind1=" " ind2=" ">
    <subfield code="a">Mustafa</subfield>
    <subfield code="e">Revisor</subfield>
  </datafield>
  <datafield tag="942" ind1=" " ind2=" ">
    <subfield code="2">ddc</subfield>
    <subfield code="c">TH</subfield>
  </datafield>
  <datafield tag="999" ind1=" " ind2=" ">
    <subfield code="c">85641</subfield>
    <subfield code="d">85641</subfield>
  </datafield>
  <datafield tag="952" ind1=" " ind2=" ">
    <subfield code="2">ddc</subfield>
    <subfield code="7">0</subfield>
    <subfield code="a">CUCL</subfield>
    <subfield code="b">cl210</subfield>
    <subfield code="d">2024-02-11</subfield>
    <subfield code="o">Cai01.21.03.Ph.D.2003.Mo.E</subfield>
    <subfield code="p">01010110040922000</subfield>
    <subfield code="r">2023-09-22 00:00:00</subfield>
    <subfield code="y">TH</subfield>
  </datafield>
  <datafield tag="952" ind1=" " ind2=" ">
    <subfield code="2">ddc</subfield>
    <subfield code="7">0</subfield>
    <subfield code="a">CUCL</subfield>
    <subfield code="b">cl2u8</subfield>
    <subfield code="d">2024-02-11</subfield>
    <subfield code="o">Cai01.21.03.Ph.D.2003.Mo.E</subfield>
    <subfield code="p">01020110040922000</subfield>
    <subfield code="r">2023-09-22 00:00:00</subfield>
    <subfield code="y">CD</subfield>
  </datafield>
</record>
